<?xml version="1.0" encoding="UTF-8"?><?xml-stylesheet type="text/xsl" href="static/style.xsl"?><OAI-PMH xmlns="http://www.openarchives.org/OAI/2.0/" xmlns:xsi="http://www.w3.org/2001/XMLSchema-instance" xsi:schemaLocation="http://www.openarchives.org/OAI/2.0/ http://www.openarchives.org/OAI/2.0/OAI-PMH.xsd"><responseDate>2026-04-14T08:16:48Z</responseDate><request verb="GetRecord" identifier="oai:www.recercat.cat:2117/336290" metadataPrefix="marc">https://recercat.cat/oai/request</request><GetRecord><record><header><identifier>oai:recercat.cat:2117/336290</identifier><datestamp>2025-07-17T16:48:46Z</datestamp><setSpec>com_2072_1033</setSpec><setSpec>col_2072_452951</setSpec></header><metadata><record xmlns="http://www.loc.gov/MARC21/slim" xmlns:dcterms="http://purl.org/dc/terms/" xmlns:xsi="http://www.w3.org/2001/XMLSchema-instance" xmlns:doc="http://www.lyncode.com/xoai" xsi:schemaLocation="http://www.loc.gov/MARC21/slim http://www.loc.gov/standards/marcxml/schema/MARC21slim.xsd">
   <leader>00925njm 22002777a 4500</leader>
   <datafield ind2=" " ind1=" " tag="042">
      <subfield code="a">dc</subfield>
   </datafield>
   <datafield ind2=" " ind1=" " tag="720">
      <subfield code="a">Bascón Almela, Joel</subfield>
      <subfield code="e">author</subfield>
   </datafield>
   <datafield ind2=" " ind1=" " tag="720">
      <subfield code="a">Alonso Garmendia, Víctor</subfield>
      <subfield code="e">author</subfield>
   </datafield>
   <datafield ind2=" " ind1=" " tag="260">
      <subfield code="c">2020-07-10</subfield>
   </datafield>
   <datafield ind2=" " ind1=" " tag="520">
      <subfield code="a">La Realidad Aumentada es una nueva tecnología que permite superponer elementos sobre la visión de la realidad, esta tecnología es englobada en lo que llamamos Industria 4.0. La utilización de este tipo de herramientas y aplicaciones tiene un gran potencial de futuro debido a su amplio abanico de utilización no tan solo en el ámbito industrial sino también en el de la salud o el de la educación, aún más con la inminente implementación del 5G que solo hace que asegurar un futuro muy prometedor para esta tecnología.    &#xd;
Debido a la prometedora trayectoria de esta tecnología, el presente proyecto tiene la meta de conocer cuáles son las posibilidades de aplicación de la Realidad Aumentada empleando una herramienta desarrollada por Schneider Electric, conocida como EcoStruxure Augmented Operator Advisor. &#xd;
Para ello se ha realizado la implementación de esta herramienta en el ámbito de las energías renovables y la transformación energética, en concreto en una instalación solar fotovoltaica ubicada en Parets del Vallès y en el Centro de Transformación Didáctico de la escuela EEBE, con el objetivo de facilitar la realización de la práctica de laboratorio, relacionada con el Centro de Transformación de la asignatura de Instalaciones Eléctricas de Baja y Alta Tensión II, de cara al profesorado y al estudiantado.&#xd;
Además, se ha realizado la redacción de un manual de uso de las diferentes herramientas que conforman el software EcoStruxure Augmented Operator Advisor para la generación de proyectos y su posterior visionado por si en un futuro alguien deseara implementar esta tecnología en algún otro campo de utilización.</subfield>
   </datafield>
   <datafield tag="653" ind2=" " ind1=" ">
      <subfield code="a">Àrees temàtiques de la UPC::Enginyeria elèctrica</subfield>
   </datafield>
   <datafield tag="653" ind2=" " ind1=" ">
      <subfield code="a">Augmented reality</subfield>
   </datafield>
   <datafield tag="653" ind2=" " ind1=" ">
      <subfield code="a">Renewable energy sources</subfield>
   </datafield>
   <datafield tag="653" ind2=" " ind1=" ">
      <subfield code="a">Photovoltaic power systems</subfield>
   </datafield>
   <datafield tag="653" ind2=" " ind1=" ">
      <subfield code="a">Realidad Aumentada</subfield>
   </datafield>
   <datafield tag="653" ind2=" " ind1=" ">
      <subfield code="a">EcoStruxure Augmented Operator Advisor</subfield>
   </datafield>
   <datafield tag="653" ind2=" " ind1=" ">
      <subfield code="a">Centro de Transformación</subfield>
   </datafield>
   <datafield tag="653" ind2=" " ind1=" ">
      <subfield code="a">Instalación Solar Fotovoltaica</subfield>
   </datafield>
   <datafield tag="653" ind2=" " ind1=" ">
      <subfield code="a">Schneider Electric</subfield>
   </datafield>
   <datafield tag="653" ind2=" " ind1=" ">
      <subfield code="a">Realitat augmentada</subfield>
   </datafield>
   <datafield tag="653" ind2=" " ind1=" ">
      <subfield code="a">Energies renovables</subfield>
   </datafield>
   <datafield tag="653" ind2=" " ind1=" ">
      <subfield code="a">Instal·lacions fotovoltaiques</subfield>
   </datafield>
   <datafield ind2="0" ind1="0" tag="245">
      <subfield code="a">Realidad aumentada como instrumento de innovación en la Industria 4.0 en el ámbito de las Energías Renovables y la Transformación Energética</subfield>
   </datafield>
</record></metadata></record></GetRecord></OAI-PMH>